Suomen katsotuimmat elokuvat vuosittain - Statistics

Yleistilastot
  • Tätä visaa on pelattu 44 kertaa
  • Keskiarvotulos 10 / 54
Vastaustilastot
Elokuva % Oikein
Tuntematon sotilas
59%
Kummisetä
49%
Titanic
49%
Uuno Turhapuro armeijan leivissä
38%
Barbie
35%
Forrest Gump
35%
Harry Potter ja liekehtivä pikari
32%
Pretty Woman
30%
Talvisota
30%
Yksi lensi yli käenpesän
30%
E.T.
27%
Napapiirin sankarit
27%
Saturday Night Fever – lauantai-illan huumaa
27%
Uuno Epsanjassa
27%
Maa on syntinen laulu
24%
Star Wars: Episodi I – Pimeä uhka
24%
Kadonneen aarteen metsästäjät
22%
Harry Potter ja Azkabanin vanki
19%
Mielensäpahoittaja
19%
Tappajahai
19%
Taru sormusten herrasta: Kaksi tornia
19%
Avengers: Endgame
16%
Bohemian Rhapsody
16%
Casino Royale
16%
Jurassic Park
16%
Myrskyluodon Maija
16%
Täältä tullaan, elämä!
16%
Teräsleidit
16%
American Beauty
14%
Avatar
14%
Harry Potter ja kuoleman varjelukset, osa 2
14%
Papillon
14%
Taru sormusten herrasta: Sormuksen ritarit
14%
Top Gun: Maverick
14%
Uuno Turhapuro muuttaa maalle
14%
007 vaaran vyöhykkeellä
11%
Koeputkiaikuinen ja Simon enkelit
11%
Minecraft-elokuva
11%
Octopussy – mustekala
11%
Taru sormusten herrasta: Kuninkaan paluu
11%
007 Skyfall
8%
Hobitti – Smaugin autioittama maa
8%
Uuno Turhapuro herra Helsingin herra
8%
Kuka viritti ansan, Roger Rabbit
5%
The Simpsons Movie
5%
Viimeinen savotta
5%
007 ja kultainen silmä
3%
007 No Time to Die
3%
Bean – äärimmäinen katastrofielokuva
3%
Independence Day – Maailmojen sota
3%
Rogue One
3%
Uuno Turhapuro – Suomen tasavallan herra presidentti
3%
007 Quantum Solace
0%
007 Spectre
0%
Ehtoja vastaavia visoja ei löytynyt
Tulosjakauma
Jokaisen tuloksen saaneiden osuus
Persentiili vastausten määrän mukaan
Tuloshistoriasi
Et ole pelannut tätä visaa